000 01047nam a2200277Ia 4500
003 OSt
005 20221005111951.0
006 a|||||r|||| 00| 0
007 ta
008 221004b |||||||| |||| 00| 0 san d
020 _a8186937501 (hbk)
_c595
024 _a14763
037 _b145, 28/10/2014, Eastern Book Linkers
_cTextual
040 _aCRL
_cCRL
_bsan
041 _2san
_asan
082 _aQ2:4x2,1, 15P6
100 _aपाण्डेय, उमेशचन्द्र
245 0 _aयाज्ञवल्क्यस्मृति
246 _aYāgnavalkyasmṛuti
260 _aवाराणसी
_bचौखम्भा संस्कृत संस्थान भारत
_c2014
300 _a724पृ0
_ccm.
490 _aकाशी संस्कृत ग्रन्थमाला; 178
650 _aधर्म
942 _hQ2:4x2,1, 15P6
_cTEXL
_2cc
999 _c1023439
_d1023439